Restaurant design (Record no. 47830)

MARC details
000 -LEADER
fixed length control field 00433nam a2200169Ia 4500
008 - FIXED-LENGTH DATA ELEMENTS--GENERAL INFORMATION
fixed length control field 220805s9999 xx 000 0 und d
020 ## - INTERNATIONAL STANDARD BOOK NUMBER
International Standard Book Number 0-86636-054-9
041 ## - LANGUAGE CODE
Language code of text/sound track or separate title eng
082 ## - DEWEY DECIMAL CLASSIFICATION NUMBER
Classification number 747'.8571'0973
100 ## - MAIN ENTRY--PERSONAL NAME
Personal name Alejandro, Reynaldo
9 (RLIN) 87111
260 ## - PUBLICATION, DISTRIBUTION, ETC. (IMPRINT)
Place of publication, distribution, etc. New York
Name of publisher, distributor, etc. PBC International
Date of publication, distribution, etc. 1987
245 ## - TITLE STATEMENT
Title Restaurant design
250 ## - EDITION STATEMENT
Edition statement 1
300 ## - PHYSICAL DESCRIPTION
Extent 252
650 ## - SUBJECT ADDED ENTRY--TOPICAL TERM
Topical term or geographic name as entry element Interior decoration
9 (RLIN) 87112
650 ## - SUBJECT ADDED ENTRY--TOPICAL TERM
Topical term or geographic name as entry element United state
9 (RLIN) 87113
Holdings
Withdrawn status Lost status Damaged status Not for loan Collection code Home library Current library Date acquired Vendor Cost, normal purchase price Total Checkouts Full call number Barcode Date last seen Bill Date Koha item type Original Barcode
          Manilal Nanavati Vocational Training Institute Pune Manilal Nanavati Vocational Training Institute Pune 09/08/2022 Purchase 2204.00   747'.8571'0973/ALE/B274 MNVT-BK-274 09/08/2022 09/08/2022 Books B274